Top Five Countries by Category with Exceptions - Statistics

General Stats
  • This quiz has been taken 74 times
  • The average score is 42 of 60
Answer Stats
Hint Country % Correct
Land Area Canada
100%
Northernmost Point Canada
100%
Highest HDI Canada
100%
Land Area Australia
97%
Highest HDI Australia
97%
Highest HDI Japan
96%
Population Mexico
96%
Most Tourists Mexico
96%
Population United States
96%
Northernmost Point United States
96%
Most Tourists United States
96%
Maximum Elevation Chile
94%
Average Elevation Chile
94%
Closest to Brazil Chile
94%
Population Brazil
91%
Coastline Brazil
91%
Northernmost Point China
91%
Most Tourists China
91%
Maximum Elevation Ecuador
90%
Closest to Brazil Ecuador
90%
Population Density India
90%
Land Area Argentina
87%
Maximum Elevation Argentina
87%
Northernmost Point Mongolia
87%
Maximum Elevation Peru
85%
Average Elevation Peru
85%
Maximum Elevation Bolivia
81%
Land Area Kazakhstan
79%
Northernmost Point Kazakhstan
79%
Population Nigeria
78%
Coastline United Kingdom
73%
Coastline Norway
70%
Highest HDI Singapore
69%
Most Tourists Thailand
69%
Most Tourists Turkey
66%
Land Area Algeria
64%
Population Density Bangladesh
63%
Highest HDI New Zealand
63%
Population Density South Korea
63%
Population Ethiopia
61%
Coastline Greece
61%
Coastline Italy
58%
Closest to Brazil Trinidad and Tobago
58%
Lowest GDP per capita North Korea
57%
Lowest GDP per capita Afghanistan
55%
Lowest GDP per capita Yemen
51%
Population Density Philippines
43%
Hottest Average Temperature Qatar
43%
Closest to Brazil St. Vincent and the Grenadines
43%
Closest to Brazil Grenada
42%
Hottest Average Temperature Kuwait
42%
Hottest Average Temperature Sri Lanka
40%
Hottest Average Temperature Brunei
39%
Hottest Average Temperature Maldives
37%
Population Density Netherlands
36%
Average Elevation Andorra
27%
Average Elevation Rwanda
25%
Average Elevation Lesotho
21%
Lowest GDP per capita Kiribati
15%
Lowest GDP per capita Solomon Islands
10%
No matching quizzes found
Score Distribution
Percent of People with Each Score
Percentile by Number Answered
Your Score History
You have not taken this quiz